La vera storia (Record no. 168439)

MARC details
000 -LEADER
campo de control de longitud fija 00831nam a2200217 i 4500
001 - NÚMERO DE CONTROL
campo de control 168439
003 - IDENTIFICADOR DE NÚMERO DE CONTROL
campo de control ES-MaACL
005 - FECHA Y HORA DE LA ÚLTIMA TRANSACCIÓN
campo de control 20250831142047.0
008 - DATOS DE LONGITUD FIJA--INFORMACIÓN GENERAL
campo de control de longitud fija 080410s1985 fr |||| | fre d
080 ## - NÚMERO DE LA CLASIFICACIÓN DECIMAL UNIVERSAL
Número de la Clasificación Decimal Universal 782.1
100 1# - ENTRADA PRINCIPAL--NOMBRE DE PERSONA
Nombre de persona Berio, Luciano.
9 (RLIN) 137580
245 13 - MENCIÓN DEL TÍTULO
Título La vera storia
Resto del título : opera in due parti = opéra en deux actes /
Mención de responsabilidad, etc. musique de Luciano Berio ; livret d'Italo Calvino et Luciano Berio ; traduction française de Jean-Paul Manganaro.
260 ## - PUBLICACIÓN, DISTRIBUCIÓN, ETC.
Lugar de publicación, distribución, etc. Paris :
Nombre del editor, distribuidor, etc. Gerard Billaudot,
Fecha de publicación, distribución, etc. [1985]
300 ## - DESCRIPCIÓN FÍSICA
Extensión 75 p. ;
Dimensiones 18 cm.
546 ## - NOTA DE IDIOMA
Nota de lengua/lenguaje Texto en francés e italiano.
650 #7 - PUNTO DE ACCESO ADICIONAL DE MATERIA--TÉRMINO DE MATERIA
Término de materia o nombre geográfico como elemento de entrada Óperas
Fuente del encabezamiento o término embne
9 (RLIN) 15717
700 1# - ENTRADA AGREGADA--NOMBRE PERSONAL
Nombre de persona Calvino, Italo,
Fechas asociadas al nombre 1923-1985
9 (RLIN) 242175
700 1# - ENTRADA AGREGADA--NOMBRE PERSONAL
Nombre de persona Manganaro, Jean-Paul.
9 (RLIN) 137581
852 ## - LOCALIZACIÓN
Ubicación ES-MaACL
Número de control de estantería E-12214
itemnumber R.190430
Nota libre .- Biblioteca Jacinto Martínez Lacalle
Holdings
Estatus retirado Estado de pérdida Estado de daño No para préstamo Biblioteca de origen Biblioteca actual Ubicación en estantería Fecha de adquisición Fuente de adquisición Total de préstamos Signatura topográfica completa Código de barras Visto por última vez Precio de reemplazo Tipo de ítem Koha
        Biblioteca del Ateneo de Madrid Biblioteca del Ateneo de Madrid Depósito 2 10/04/2008     E-12214 1176736 23/02/2023 23/02/2023 Libro impreso